Triple J Hottest 100, Songs of 1993 - Statistics

General Stats
  • This quiz has been taken 203 times
  • The average score is 23 of 100
Answer Stats
# Country of Origin Song Artist % Correct
2 UK Creep Radiohead
89%
20 USA Heart-Shaped Box Nirvana
85%
11 USA Everybody Hurts R.E.M.
84%
93 USA Man on the Moon R.E.M.
84%
3 Ireland Linger The Cranberries
81%
6 USA Killing in the Name Rage Against The Machine
79%
84 USA Bullet in the Head Rage Against the Machine
79%
39 UK Friday I'm in Love The Cure
67%
28 USA Are You Gonna Go My Way Lenny Kravitz
66%
7 Ireland Lemon U2
64%
31 Ireland Numb U2
64%
29 Sweden All That She Wants Ace of Base
56%
24 USA What's Up? 4 Non Blondes
54%
17 USA Hits from the Bong Cypress Hill
54%
81 USA Insane in the Brain Cypress Hill
54%
4 USA No Rain Blind Melon
49%
18 UK Go West Pet Shop Boys
48%
56 UK Can You Forgive Her? Pet Shop Boys
48%
23 Iceland Human Behaviour Björk
47%
12 USA Plush Stone Temple Pilots
46%
52 USA Runaway Train Soul Asylum
42%
43 USA Cherub Rock The Smashing Pumpkins
41%
51 USA Would? Alice in Chains
37%
80 USA Rooster Alice in Chains
37%
8 USA Go Pearl Jam
37%
13 USA Soul to Squeeze Red Hot Chilli Peppers
37%
35 USA Shoop Salt-N-Pepa
36%
5 USA Cannonball The Breeders
34%
79 USA Mrs. Robinson The Lemonheads
32%
1 USA Asshole Denis Leary
31%
90 UK For Tomorrow Blur
28%
30 Canada Constant Craving k.d. lang
26%
73 USA Mr. Wendal Arrested Development
23%
27 USA Sober Tool
22%
60 Australia Distant Sun Crowded House
21%
62 USA Easy Faith No More
20%
69 UK Animal Nitrate Suede
20%
75 UK The Drowners Suede
20%
68 Germany Mr. Vain Culture Beat
16%
85 USA Three Little Pigs Green Jellÿ
16%
54 Australia Holy Grail Hunters & Collectors
16%
64 USA Nearly Lost You Screaming Trees
16%
99 UK Ebeneezer Goode The Shamen
16%
97 UK Rubberband Girl Kate Bush
15%
65 UK Regret New Order
15%
86 UK World (The Price of Love) New Order
15%
92 UK I Feel You Depeche Mode
14%
94 Jamaica Sweat (A La La La La Long) Inner Circle
14%
22 Australia The Ship Song (Live) Nick Cave and the Bad Seeds
13%
9 Australia The Honeymoon Is Over The Cruel Sea
13%
21 Australia Black Stick The Cruel Sea
13%
95 Australia Delivery Man The Cruel Sea
13%
40 USA Push th' Little Daisies Ween
13%
42 UK Dreams Gabrielle
10%
33 USA Pets Porno for Pyros
10%
91 Australia Happy Birthday Helen Things of Stone and Wood
10%
25 USA Feed the Tree Belly
9%
96 USA Candy Everybody Wants 10,000 Maniacs
8%
47 Jamaica Tease Me Chaka Demus & Pliers
8%
36 Australia The Right Time Hoodoo Gurus
8%
46 USA Detachable Penis King Missile
7%
58 USA Jesus Was Way Cool King Missile
7%
16 USA Sister Havana Urge Overkill
7%
34 UK Cantaloop (Flip Fantasia) Us3
7%
66 UK Something Good Utah Saints
7%
78 UK Deep East 17
6%
32 USA Jessie Paw
6%
14 USA I Held Her in My Arms Violent Femmes
6%
50 Australia Adam's Ribs You Am I
6%
38 USA Get Me Dinosaur Jr.
5%
45 USA Start Choppin Dinosaur Jr.
5%
15 USA Wild America Iggy Pop
5%
74 UK Ain't No Love (Ain't No Use) Sub Sub
5%
77 Australia Lost The Badloves
5%
82 Australia Green Limousine The Badloves
5%
41 Australia World Turning (Räwak Mix) Yothu Yindi
5%
67 UK Boom Shack-A-Lak Apache Indian
4%
88 USA Dixie Drug Store Grant Lee Buffalo
4%
37 USA My Sister The Juliana Hatfield Three
4%
53 USA Taillights Fade Buffalo Tom
3%
48 Australia Night of the Wolverine Dave Graney 'n' the Coral Snakes
3%
59 Australia You're Just Too Hip, Baby Dave Graney 'n' the Coral Snakes
3%
44 New Zealand Juice Headless Chickens
3%
57 New Zealand Choppers (Koppelman Mix) Headless Chickens
3%
49 USA Bi Living Colour
3%
71 USA Nothingness (Colour Mix) Living Colour
3%
10 Sweden Stone Me into the Groove Atomic Swing
2%
61 Australia Last Train (Master Mix) Christine Anu and Paul Kelly
2%
55 Australia Alive and Brilliant Deborah Conway
2%
70 Australia Sleepy Head (Serene Machine) Ed Kuepper
2%
87 Australia Do It Swoop
2%
100 Ireland/USA Gloria Van Morrison and John Lee Hooker
2%
72 Australia Baby (You Got in the Way) Barefoot
1%
76 Australia Before Caligula
1%
26 UK Somewhere Efua
1%
98 Australia Freedom Kev Carmody
1%
89 Australia Aboriginal Woman Mixed Relations
1%
19 Sweden/USA Trout Neneh Cherry and Michael Stipe
1%
63 Australia Scratch My Back The Sharp
1%
83 Australia Your Eyes (Shaggy Mix) Underground Lovers
1%
No matching quizzes found
Score Distribution
Percent of People with Each Score
Percentile by Number Answered
Your Score History
You have not taken this quiz